| 000 | 004260000a22001690004500 | ||
|---|---|---|---|
| 003 | MACL | ||
| 005 | 20160101161900.0 | ||
| 008 | 160101b xxu||||| |||| 00| 0 eng d | ||
| 040 |
_aMACL _cMACL |
||
| 041 | _aEnglish | ||
| 082 | _a551.46 | ||
| 100 |
_aJames Nisbet & Co Ltd _925571 |
||
| 245 | _aHalf Hours in The Deep | ||
| 260 |
_bJames Nisbet & Co Ltd _aLondon |
||
| 650 |
_aOceunography _926657 |
||
| 942 |
_cBK _k551.46 _2ddc |
||
| 999 |
_c36763 _d36763 |
||